[Event "Pardubice Czech op-E 34th"]
[Site "Pardubice"]
[Date "2023.07.14"]
[Round "3"]
[White "Oresky, Jan"]
[Black "Hacha, Ales"]
[Result "1-0"]
[WhiteElo "2244"]
[BlackElo "2117"]
[PlyCount "159"]
[EventDate "2023.07.13"]
[EventType "team-swiss"]
[EventRounds "7"]
[EventCountry "CZE"]
[SourceTitle "CBM 215 Extra"]
[Source "ChessBase"]
[SourceDate "2023.09.30"]
[SourceVersion "1"]
[SourceVersionDate "2023.09.30"]
[SourceQuality "1"]
[WhiteTeam "Praha Oaza"]
[BlackTeam "Turnov Zikuda IV"]
[WhiteTeamCountry "CZE"]
[BlackTeamCountry "CZE"]

1. e4 d6 2. d4 c6 3. Nc3 Qa5 4. Bd2 g6 5. Nf3 Bg4 6. h3 Bxf3 7. Qxf3 Bg7 8. Bc4 Nf6 9. Nd5 Qd8 10. Nxf6+ exf6 11. 0-0-0 0-0 12. h4 b5 13. Bd3 Nd7 14. h5 Re8 15. hxg6 fxg6 16. Bf4 Nf8 17. Qg3 d5 18. f3 a5 19. Bd6 Qd7 20. exd5 cxd5 21. Qh2 Kf7 22. g4 h6 23. Bf4 g5 24. Bf5 Qc6 25. Bd6 Ra6 26. Qh5+ Kg8 27. Bxf8 Kxf8 28. Qg6 Re7 29. Rde1 Raa7 30. Bd3 b4 31. Qf5 Rxe1+ 32. Rxe1 Re7 33. Rxe7 Kxe7 34. Be2 Bf8 35. Qh7+ Kd8 36. Qa7 Bd6 37. Qxa5+ Ke7 38. Bb5 Qb7 39. a3 bxa3 40. bxa3 f5 41. a4 fxg4 42. fxg4 Kf6 43. Qd8+ Be7 44. Qh8+ Ke6 45. Qxh6+ Bf6 46. Qg6 Qe7 47. Qg8+ Kd6 48. Qb8+ Ke6 49. Qb6+ Kf7 50. Bc6 Qe4 51. Qb7+ Kg6 52. Bxd5 Qe1+ 53. Kb2 Bxd4+ 54. Ka3 Qc1+ 55. Kb4 Qd2+ 56. Kb5 Qe2+ 57. Bc4 Qxc2 58. Qf7+ Kh6 59. Qh5+ Kg7 60. Qxg5+ Kh7 61. Bg8+ Kh8 62. Qh5+ Kxg8 63. Qd5+ Kh7 64. Qxd4 Qb3+ 65. Kc5 Qb7 66. Qd3+ Kg7 67. Qc3+ Kh7 68. Qc4 Kg7 69. a5 Qa7+ 70. Kb4 Qb7+ 71. Ka3 Qf3+ 72. Ka4 Qd1+ 73. Kb5 Qd7+ 74. Kb6 Qd6+ 75. Kb7 Qa3 76. a6 Qb2+ 77. Kc8 Kh6 78. a7 Qg2 79. Qa6+ Kg5 80. a8Q 1-0

[Event "Liberec Region-chT 2223"]
[Site "Czech Republic"]
[Date "2023.01.15"]
[Round "6.3"]
[White "Hacha, Ales"]
[Black "Hurtik, Matej"]
[Result "1/2-1/2"]
[WhiteElo "2114"]
[BlackElo "2117"]
[PlyCount "44"]
[EventDate "2022.10.09"]
[EventType "team-tourn"]
[EventRounds "11"]
[EventCountry "CZE"]
[SourceTitle "EXT 2024"]
[Source "ChessBase"]
[SourceDate "2023.10.10"]
[SourceVersion "1"]
[SourceVersionDate "2023.10.10"]
[SourceQuality "1"]

1. Nf3 Nf6 2. g3 d5 3. c4 e6 4. Bg2 Be7 5. 0-0 0-0 6. d4 c5 7. Nc3 Nc6 8. Bg5 cxd4 9. Nxd4 h6 10. Be3 Ne5 11. cxd5 exd5 12. Qb3 Nc4 13. Nxd5 Nxd5 14. Qxc4 Nxe3 15. fxe3 Bg5 16. Bd5 Bxe3+ 17. Kg2 Bxd4 18. Rad1 Qe7 19. Rxd4 Be6 20. Bxe6 fxe6 21. Rdf4 Rxf4 22. Rxf4 Rd8 1/2-1/2

[Event "Liberec Region-chT 2223"]
[Site "Czech Republic"]
[Date "2022.11.27"]
[Round "4.5"]
[White "Hubscher, Jindrich"]
[Black "Hacha, Ales"]
[Result "0-1"]
[WhiteElo "1687"]
[BlackElo "2114"]
[PlyCount "126"]
[EventDate "2022.10.09"]
[EventType "team-tourn"]
[EventRounds "11"]
[EventCountry "CZE"]
[SourceTitle "EXT 2024"]
[Source "ChessBase"]
[SourceDate "2023.10.10"]
[SourceVersion "1"]
[SourceVersionDate "2023.10.10"]
[SourceQuality "1"]

1. e4 d6 2. d4 c6 3. Nf3 Bg4 4. h3 Bh5 5. Be2 e6 6. Nc3 d5 7. exd5 cxd5 8. Ne5 Bxe2 9. Qxe2 a6 10. 0-0 Nf6 11. Bg5 Be7 12. Nd1 0-0 13. Ne3 Nc6 14. Nxc6 bxc6 15. c3 Re8 16. Bxf6 Bxf6 17. Ng4 Be7 18. Ne5 Qc7 19. b4 Bd6 20. f4 a5 21. a3 f6 22. Nd3 e5 23. fxe5 fxe5 24. dxe5 Bxe5 25. Nxe5 Qxe5 26. Qxe5 Rxe5 27. Rae1 Rxe1 28. Rxe1 axb4 29. axb4 Ra3 30. Rc1 Rb3 31. Rc2 Kf7 32. Kf2 Ke6 33. Ke2 Rb1 34. Kd3 Rd1+ 35. Ke2 Rg1 36. Kd3 Ke5 37. Re2+ Kd6 38. Rd2 Rc1 39. Kd4 Re1 40. Kd3 Ke5 41. Rf2 Ke6 42. Re2+ Rxe2 43. Kxe2 Kd6 44. Ke3 c5 45. bxc5+ Kxc5 46. Kd3 g6 47. Ke3 Kc4 48. Kd2 d4 49. cxd4 Kxd4 50. Ke2 Ke4 51. Kf2 Kf4 52. g3+ Ke4 53. Ke2 g5 54. Kf2 Kd3 55. Kf3 h5 56. h4 g4+ 57. Kf4 Ke2 58. Kg5 Kf3 59. Kxh5 Kxg3 60. Kg5 Kf3 61. h5 g3 62. h6 g2 63. h7 g1Q+ 0-1

[Event "CZE-chT2C 2223"]
[Site "Czech Republic"]
[Date "2022.10.16"]
[Round "1.4"]
[White "Jinova, Lucie"]
[Black "Hacha, Ales"]
[Result "0-1"]
[WhiteElo "2072"]
[BlackElo "2095"]
[PlyCount "50"]
[EventDate "2022.10.16"]
[EventType "team-tourn"]
[EventRounds "11"]
[EventCountry "CZE"]
[SourceTitle "EXT 2024"]
[Source "ChessBase"]
[SourceDate "2023.10.10"]
[SourceVersion "1"]
[SourceVersionDate "2023.10.10"]
[SourceQuality "1"]
[WhiteTeam "Ceska Lipa"]
[BlackTeam "Bakov nad Jizerou"]
[WhiteTeamCountry "CZE"]
[BlackTeamCountry "CZE"]

1. e4 d6 2. d4 c6 3. Nc3 Qa5 4. Nf3 Bg4 5. Be3 e6 6. d5 Nf6 7. dxe6 fxe6 8. Qd2 Nbd7 9. Be2 Be7 10. 0-0 Bxf3 11. Bxf3 e5 12. Be2 0-0 13. a3 Kh8 14. b4 Qc7 15. f4 d5 16. fxe5 Nxe4 17. Nxe4 dxe4 18. Qd4 Nxe5 19. Qxe4 Bf6 20. Rad1 Rae8 21. Bc5 Nd7 22. Qc4 b5 23. Rxd7 Qxd7 24. Bg4 Qd2 25. Qb3 Bd4+ 0-1

[Event "CZE-chT2C 1920"]
[Site "Czech Republic"]
[Date "2019.11.17"]
[Round "3.6"]
[White "Hacha, Ales"]
[Black "Cmiko, Jakub"]
[Result "1-0"]
[WhiteElo "2104"]
[BlackElo "2008"]
[PlyCount "45"]
[EventDate "2019.10.13"]
[EventType "team-tourn"]
[EventRounds "11"]
[EventCountry "CZE"]
[SourceTitle "EXT 2024"]
[Source "ChessBase"]
[SourceDate "2023.10.10"]
[SourceVersion "1"]
[SourceVersionDate "2023.10.10"]
[SourceQuality "1"]
[WhiteTeam "Turnov Zikuda III"]
[BlackTeam "Praha Oaza II"]
[WhiteTeamCountry "CZE"]
[BlackTeamCountry "CZE"]

1. Nf3 Nf6 2. g3 g6 3. Bg2 Bg7 4. 0-0 0-0 5. c4 d6 6. d4 Nbd7 7. Nc3 e5 8. Qc2 exd4 9. Nxd4 c6 10. Bf4 Ne5 11. c5 Nh5 12. cxd6 Qxd6 13. Rad1 Qe7 14. Bc1 f5 15. h3 Nf7 16. e4 Rd8 17. Qa4 Qf6 18. Nde2 Be6 19. exf5 gxf5 20. Bf3 Qg6 21. Qh4 Rxd1 22. Rxd1 Nf6 23. Nf4 1-0

[Event "Pardubice Czech op-E 29th"]
[Site "Pardubice"]
[Date "2018.07.13"]
[Round "3"]
[White "Hacha, Ales"]
[Black "Cech, Pavel"]
[Result "1/2-1/2"]
[WhiteElo "2088"]
[BlackElo "2345"]
[PlyCount "24"]
[EventDate "2018.07.12"]
[EventType "team"]
[EventRounds "7"]
[EventCountry "CZE"]
[SourceTitle "EXT 2019"]
[Source "ChessBase"]
[SourceDate "2018.10.10"]
[SourceVersion "1"]
[SourceVersionDate "2018.10.10"]
[SourceQuality "1"]
[WhiteTeam "Turnov Zikuda II"]
[BlackTeam "Turnov Zikuda"]
[WhiteTeamCountry "CZE"]
[BlackTeamCountry "CZE"]

1. e4 e6 2. d4 d5 3. exd5 exd5 4. Bf4 Be6 5. c3 Bd6 6. Bxd6 Qxd6 7. Nf3 Nf6 8. Bd3 0-0 9. 0-0 Nbd7 10. Nbd2 Rfe8 11. Re1 Bg4 12. Qc2 Bh5 1/2-1/2

[Event "CZE-chT2B 1718"]
[Site "Czech Republic"]
[Date "2018.04.08"]
[Round "11.8"]
[White "Hacha, Ales"]
[Black "Hoke, Petr"]
[Result "0-1"]
[WhiteElo "2099"]
[BlackElo "1984"]
[PlyCount "80"]
[EventDate "2017.10.15"]
[EventType "team-tourn"]
[EventRounds "11"]
[EventCountry "CZE"]
[SourceTitle "EXT 2022"]
[Source "ChessBase"]
[SourceDate "2021.10.06"]
[SourceVersion "1"]
[SourceVersionDate "2021.10.06"]
[SourceQuality "1"]
[WhiteTeam "Turnov Zikuda II"]
[BlackTeam "Litomerice"]
[WhiteTeamCountry "CZE"]
[BlackTeamCountry "CZE"]

1. Nf3 d6 2. d4 Nf6 3. g3 g6 4. Bg2 Bg7 5. 0-0 0-0 6. c4 Nbd7 7. Nc3 e5 8. e4 c6 9. Qc2 Re8 10. h3 Qc7 11. Be3 h6 12. Rad1 a5 13. Rd2 b6 14. Rfd1 Bb7 15. c5 dxc5 16. dxe5 Nxe5 17. Nxe5 Qxe5 18. Bf4 Qe6 19. Rd6 Qe7 20. g4 Rad8 21. Na4 Nd7 22. Nxb6 Nxb6 23. Qb3 Bd4 24. R1xd4 cxd4 25. Rxg6+ Kh7 26. Rxh6+ Kg7 27. Qxb6 d3 28. Qxa5 c5 29. Qc3+ Rd4 30. Rh5 f6 31. Rxc5 d2 32. Qxd4 Rd8 33. Qxd8 Qxd8 34. Bxd2 Kg6 35. Bc3 Qd1+ 36. Bf1 Bxe4 37. f3 Bd3 38. Kh2 Qxf1 39. Bd4 Qxf3 40. Bg1 Be4 0-1

[Event "CZE-chT2B 1617"]
[Site "Czech Republic"]
[Date "2017.02.26"]
[Round "9.8"]
[White "Hacha, Ales"]
[Black "Sala, Dalibor"]
[Result "1-0"]
[WhiteElo "2083"]
[BlackElo "1857"]
[PlyCount "109"]
[EventDate "2016.10.09"]
[EventType "team-tourn"]
[EventRounds "11"]
[EventCountry "CZE"]
[SourceTitle "EXT 2022"]
[Source "ChessBase"]
[SourceDate "2021.10.06"]
[SourceVersion "1"]
[SourceVersionDate "2021.10.06"]
[SourceQuality "1"]
[WhiteTeam "Turnov Zikuda II"]
[BlackTeam "Most Chess"]
[WhiteTeamCountry "CZE"]
[BlackTeamCountry "CZE"]

1. Nf3 Nf6 2. g3 g6 3. Bg2 Bg7 4. 0-0 0-0 5. c4 d6 6. Nc3 e5 7. d4 Nbd7 8. dxe5 dxe5 9. Qc2 c6 10. b3 Qa5 11. Bb2 Re8 12. a3 Nf8 13. Rad1 Bf5 14. e4 Bg4 15. b4 Qc7 16. c5 Rad8 17. Ne2 Nh5 18. h3 Bc8 19. Rxd8 Rxd8 20. Rd1 f6 21. g4 Nf4 22. Nxf4 exf4 23. Bf1 Rxd1 24. Qxd1 f5 25. Bc4+ Kh8 26. Bxg7+ Qxg7 27. exf5 gxf5 28. g5 Be6 29. Bxe6 Nxe6 30. Qd6 Qf7 31. Qe5+ Kg8 32. h4 a6 33. Kg2 Qd7 34. Qxf5 Nxc5 35. Qxc5 Qg4+ 36. Kf1 Qxf3 37. Qc4+ Kf8 38. Qc5+ Ke8 39. Qe5+ Kd7 40. Qf5+ Kd6 41. Kg1 Qd1+ 42. Kg2 Qd2 43. h5 b6 44. Qf6+ Kd7 45. Qf7+ Kd6 46. Qf8+ Kd7 47. Qg7+ Ke6 48. Qh6+ Kf5 49. Qxh7+ Kxg5 50. Qg6+ Kh4 51. h6 Qd5+ 52. Kh2 f3 53. h7 Qd8 54. Qg3+ Kh5 55. h8Q+ 1-0

[Event "CZE-chT2B 1617"]
[Site "Czech Republic"]
[Date "2017.01.29"]
[Round "7.8"]
[White "Hacha, Ales"]
[Black "Haase, Pavel"]
[Result "1/2-1/2"]
[WhiteElo "2083"]
[BlackElo "2073"]
[PlyCount "54"]
[EventDate "2016.10.09"]
[EventType "team-tourn"]
[EventRounds "11"]
[EventCountry "CZE"]
[SourceTitle "EXT 2022"]
[Source "ChessBase"]
[SourceDate "2021.10.06"]
[SourceVersion "1"]
[SourceVersionDate "2021.10.06"]
[SourceQuality "1"]
[WhiteTeam "Turnov Zikuda II"]
[BlackTeam "Liberec Desko"]
[WhiteTeamCountry "CZE"]
[BlackTeamCountry "CZE"]

1. Nf3 Nf6 2. g3 g6 3. Bg2 Bg7 4. 0-0 0-0 5. c4 c6 6. d4 d5 7. Nc3 dxc4 8. e4 b5 9. Ne5 e6 10. Bg5 h6 11. Bxf6 Bxf6 12. Nxc6 Nxc6 13. e5 Bd7 14. exf6 Qxf6 15. d5 exd5 16. Qxd5 Rad8 17. Nxb5 Qxb2 18. Rfb1 Qf6 19. Qxc4 Ne5 20. Qc5 Bxb5 21. Qxb5 Rd2 22. Rf1 Nd3 23. Qc6 Qb2 24. Bd5 Kg7 25. Rab1 Qd4 26. Qc4 Qxc4 27. Bxc4 Ne5 1/2-1/2

[Event "CZE-chT2B 1516"]
[Site "Czech Republic"]
[Date "2016.04.17"]
[Round "11.7"]
[White "Kabelka, Ondrej"]
[Black "Hacha, Ales"]
[Result "1/2-1/2"]
[WhiteElo "2033"]
[BlackElo "2048"]
[PlyCount "20"]
[EventDate "2015.10.18"]
[EventType "team-tourn"]
[EventRounds "11"]
[EventCountry "CZE"]
[SourceTitle "EXT 2022"]
[Source "ChessBase"]
[SourceDate "2021.10.06"]
[SourceVersion "1"]
[SourceVersionDate "2021.10.06"]
[SourceQuality "1"]
[WhiteTeam "Jicin III"]
[BlackTeam "Turnov Zikuda II"]
[WhiteTeamCountry "CZE"]
[BlackTeamCountry "CZE"]

1. e4 d6 2. d4 Nf6 3. Nc3 c6 4. Nf3 g6 5. a4 Bg7 6. h3 0-0 7. Bc4 Nbd7 8. 0-0 e5 9. dxe5 dxe5 10. Be3 Qc7 1/2-1/2

[Event "CZE-chT2B 1516"]
[Site "Czech Republic"]
[Date "2016.02.07"]
[Round "7.8"]
[White "Hacha, Ales"]
[Black "Janda, Zdenek"]
[Result "0-1"]
[WhiteElo "2048"]
[BlackElo "2155"]
[PlyCount "79"]
[EventDate "2015.10.18"]
[EventType "team-tourn"]
[EventRounds "11"]
[EventCountry "CZE"]
[SourceTitle "EXT 2022"]
[Source "ChessBase"]
[SourceDate "2021.10.06"]
[SourceVersion "1"]
[SourceVersionDate "2021.10.06"]
[SourceQuality "1"]
[WhiteTeam "Turnov Zikuda II"]
[BlackTeam "Decin"]
[WhiteTeamCountry "CZE"]
[BlackTeamCountry "CZE"]

1. Nf3 d6 2. g3 g6 3. Bg2 e5 4. d3 Bg7 5. 0-0 f5 6. c4 Nf6 7. Nc3 0-0 8. Rb1 a5 9. a3 Nc6 10. b4 axb4 11. axb4 h6 12. b5 Ne7 13. Bb2 g5 14. Nd5 Ng6 15. Ra1 Rb8 16. Qc2 Be6 17. Nd2 Ng4 18. Ra7 c6 19. bxc6 bxc6 20. h3 Nf6 21. Nc7 Bf7 22. Bc3 d5 23. Na6 Ra8 24. Rxa8 Qxa8 25. Ra1 Qc8 26. Bb4 Re8 27. Ra5 e4 28. Nb3 Ne5 29. cxd5 Nxd5 30. dxe4 fxe4 31. Qxe4 Bg6 32. Qd4 Nf3+ 33. Bxf3 Bxd4 34. Bxd5+ cxd5 35. Nxd4 Qc1+ 36. Kg2 Be4+ 37. f3 Bxf3+ 38. Kxf3 Qf1+ 39. Kg4 Re4+ 40. Kh5 0-1

[Event "CZE-chT2B 1516"]
[Site "Czech Republic"]
[Date "2016.01.10"]
[Round "5.8"]
[White "Hacha, Ales"]
[Black "Hadzala, Daniel"]
[Result "1-0"]
[WhiteElo "2048"]
[BlackElo "2075"]
[PlyCount "105"]
[EventDate "2015.10.18"]
[EventType "team-tourn"]
[EventRounds "11"]
[EventCountry "CZE"]
[SourceTitle "EXT 2022"]
[Source "ChessBase"]
[SourceDate "2021.10.06"]
[SourceVersion "1"]
[SourceVersionDate "2021.10.06"]
[SourceQuality "1"]
[WhiteTeam "Turnov Zikuda II"]
[BlackTeam "Neratovice II"]
[WhiteTeamCountry "CZE"]
[BlackTeamCountry "CZE"]

1. Nf3 Nf6 2. g3 d6 3. Bg2 e5 4. d3 g6 5. 0-0 Bg7 6. c4 0-0 7. Nc3 Nc6 8. Rb1 a5 9. a3 Bf5 10. b4 axb4 11. axb4 Qd7 12. b5 Ne7 13. Ng5 h6 14. Nge4 Nh5 15. Nd5 Nxd5 16. cxd5 Bh3 17. Qb3 Bxg2 18. Kxg2 f5 19. Nc3 b6 20. e4 f4 21. f3 fxg3 22. hxg3 Rf7 23. Rb2 Raf8 24. Rbf2 g5 25. Ne2 Qe8 26. Rh1 Re7 27. g4 Nf4+ 28. Nxf4 gxf4 29. Kf1 Qg6 30. Ra2 Bf6 31. Bd2 Rh7 32. Rh5 Qe8 33. Be1 Qb8 34. Qa4 Kg7 35. Bh4 Bxh4 36. Rxh4 Rhh8 37. d4 Qd8 38. Rh5 Rf7 39. Qc4 Qe7 40. dxe5 dxe5 41. Qc3 Re8 42. Rc2 Qd6 43. g5 hxg5 44. Rg2 g4 45. Rxg4+ Kf8 46. Rhg5 Rh7 47. Rg6 Qd7 48. Qb4+ Kf7 49. d6 cxd6 50. Rxd6 Qc8 51. Rc6 Rh1+ 52. Kg2 Reh8 53. Qc4+ 1-0

[Event "CZE-chT2B 1415"]
[Site "Czech Republic"]
[Date "2015.03.29"]
[Round "10.7"]
[White "Jacek, Miloslav"]
[Black "Hacha, Ales"]
[Result "0-1"]
[WhiteElo "2005"]
[BlackElo "2042"]
[PlyCount "78"]
[EventDate "2014.11.02"]
[EventType "team-tourn"]
[EventRounds "11"]
[EventCountry "CZE"]
[SourceTitle "EXT 2022"]
[Source "ChessBase"]
[SourceDate "2021.10.06"]
[SourceVersion "1"]
[SourceVersionDate "2021.10.06"]
[SourceQuality "1"]
[WhiteTeam "Mlada Boleslav"]
[BlackTeam "Turnov Zikuda II"]
[WhiteTeamCountry "CZE"]
[BlackTeamCountry "CZE"]

1. e4 d6 2. d4 c6 3. a4 Nf6 4. Nc3 Qa5 5. Bd3 e5 6. Nge2 Be7 7. 0-0 0-0 8. Kh1 Na6 9. f4 Bg4 10. dxe5 dxe5 11. fxe5 Nd7 12. Qe1 Nxe5 13. Nd5 Qd8 14. Nxe7+ Qxe7 15. Bxa6 bxa6 16. Nc3 Rad8 17. b3 Rfe8 18. Qg3 f6 19. h3 Bh5 20. Ba3 Qe6 21. Rf2 Nf7 22. Re1 Qe5 23. Qxe5 Rxe5 24. Rf5 Rde8 25. Rxe5 Rxe5 26. Re3 f5 27. Kg1 Bg6 28. Ne2 Ng5 29. Rd3 Rxe4 30. Rd8+ Kf7 31. Ng3 Re1+ 32. Kf2 Ra1 33. Bc5 Ra2 34. Rd7+ Ke8 35. Rd2 f4 36. Re2+ Kd7 37. Re7+ Kd8 38. Ne2 Ne4+ 39. Rxe4 Bxe4 0-1

[Event "CZE-chT2C 1112"]
[Site "Czech Republic"]
[Date "2011.11.20"]
[Round "3.8"]
[White "Dvorak, Jan"]
[Black "Hacha, Ales"]
[Result "1/2-1/2"]
[WhiteElo "2204"]
[BlackElo "2105"]
[PlyCount "36"]
[EventDate "2011.10.09"]
[EventType "team-tourn"]
[EventRounds "11"]
[EventCountry "CZE"]
[SourceTitle "EXT 2013"]
[Source "ChessBase"]
[SourceDate "2012.11.22"]
[SourceVersion "1"]
[SourceVersionDate "2012.11.22"]
[SourceQuality "1"]
[WhiteTeam "Kobylisy"]
[BlackTeam "Turnov Zikuda II"]
[WhiteTeamCountry "CZE"]
[BlackTeamCountry "CZE"]

1. d4 Nf6 2. c4 e6 3. Nc3 c5 4. d5 exd5 5. cxd5 d6 6. Nf3 g6 7. Bg5 Bg7 8. e3 a6 9. a4 0-0 10. Nd2 Nbd7 11. Be2 Re8 12. 0-0 h6 13. Bh4 g5 14. Bg3 Ne5 15. h3 Bf5 16. e4 Bg6 17. h4 g4 18. Bxe5 Rxe5 1/2-1/2

[Event "CZE-chT2C 1011"]
[Site "Czech Republic"]
[Date "2011.01.23"]
[Round "6.6"]
[White "Hacha, Ales"]
[Black "Jelinek, Vaclav"]
[Result "1/2-1/2"]
[WhiteElo "2127"]
[BlackElo "2068"]
[PlyCount "47"]
[EventDate "2010.10.17"]
[EventType "team-tourn"]
[EventRounds "11"]
[EventCountry "CZE"]
[SourceTitle "EXT 2012"]
[Source "ChessBase"]
[SourceDate "2011.11.24"]
[SourceVersion "1"]
[SourceVersionDate "2011.11.24"]
[SourceQuality "1"]
[WhiteTeam "Turnov Zikuda II"]
[BlackTeam "Pardubice Bohemia"]
[WhiteTeamCountry "CZE"]
[BlackTeamCountry "CZE"]

1. Nf3 g6 2. g3 Bg7 3. Bg2 Nf6 4. 0-0 0-0 5. d3 d6 6. e4 c5 7. Nbd2 Nc6 8. c3 Rb8 9. Nh4 e5 10. Nc4 Be6 11. Ne3 d5 12. f4 exf4 13. exd5 Nxd5 14. Nxd5 Bxd5 15. Bxf4 Bxg2 16. Nxg2 Rc8 17. Qd2 Qd7 18. Rad1 Rfe8 19. Ne1 Ne5 20. Bxe5 Rxe5 21. Nf3 Rf5 22. Rf2 Re8 23. d4 cxd4 24. Nxd4 1/2-1/2

[Event "CZE-chT2C 1011"]
[Site "Czech Republic"]
[Date "2011.01.09"]
[Round "5.7"]
[White "Hacha, Ales"]
[Black "Rigo, Imrich"]
[Result "0-1"]
[WhiteElo "2127"]
[BlackElo "1992"]
[PlyCount "94"]
[EventDate "2010.10.17"]
[EventType "team-tourn"]
[EventRounds "11"]
[EventCountry "CZE"]
[SourceTitle "EXT 2012"]
[Source "ChessBase"]
[SourceDate "2011.11.24"]
[SourceVersion "1"]
[SourceVersionDate "2011.11.24"]
[SourceQuality "1"]
[WhiteTeam "Turnov Zikuda II"]
[BlackTeam "Bakov nad Jizerou"]
[WhiteTeamCountry "CZE"]
[BlackTeamCountry "CZE"]

1. Nf3 Nf6 2. g3 g6 3. Bg2 Bg7 4. 0-0 0-0 5. d3 d5 6. Nbd2 Nc6 7. c3 e5 8. e4 dxe4 9. dxe4 Bg4 10. h3 Be6 11. Qe2 Qc8 12. Kh2 h6 13. Nc4 Bxc4 14. Qxc4 Re8 15. Be3 Qe6 16. Nd2 Rad8 17. Rad1 Rd7 18. Qxe6 Rxe6 19. Nc4 Ree7 20. a4 Rxd1 21. Rxd1 Rd7 22. Rxd7 Nxd7 23. b4 Nb6 24. Nxb6 axb6 25. Bf1 Kf8 26. Bb5 Na7 27. Bc4 Nc8 28. a5 bxa5 29. bxa5 c6 30. Kg2 Ke8 31. f3 Nd6 32. Bd3 Bf6 33. Bxh6 Bd8 34. a6 bxa6 35. Bxa6 Nb5 36. Bxb5 cxb5 37. Kf2 Bb6+ 38. Ke2 Ke7 39. Be3 Ba5 40. Kd3 Ke6 41. Bc5 Bc7 42. Kc2 g5 43. Kb3 Ba5 44. h4 gxh4 45. gxh4 f6 46. h5 Kf7 47. Be7 Kxe7 0-1

[Event "CZE-chT rap"]
[Site "Pardubice"]
[Date "2010.07.16"]
[Round "3.1"]
[White "Obsivac, Josef"]
[Black "Hacha, Ales"]
[Result "1/2-1/2"]
[WhiteElo "2288"]
[BlackElo "2139"]
[PlyCount "171"]
[EventDate "2010.07.15"]
[EventType "team-swiss"]
[EventRounds "7"]
[EventCountry "CZE"]
[SourceTitle "CBM 137 Extra"]
[Source "ChessBase"]
[SourceDate "2010.09.01"]
[SourceVersion "1"]
[SourceVersionDate "2010.09.01"]
[SourceQuality "1"]

1. d4 Nf6 2. c4 e6 3. Nc3 c5 4. d5 exd5 5. cxd5 d6 6. Nf3 g6 7. g3 Bg7 8. Bg2 0-0 9. 0-0 a6 10. a4 Nbd7 11. Bf4 Qc7 12. h3 Re8 13. Qc2 Nh5 14. Bd2 c4 15. g4 Nhf6 16. Bf4 Rb8 17. Rfd1 Nc5 18. Nd4 Bd7 19. a5 b5 20. axb6 Rxb6 21. Ra2 Rd8 22. Nc6 Bxc6 23. dxc6 Rxc6 24. Bxc6 Qxc6 25. Ra3 Ne6 26. Bc1 d5 27. Qa4 Qxa4 28. Rxa4 d4 29. Na2 Rc8 30. Rxa6 Ne4 31. Kg2 N4c5 32. Ra7 h6 33. Nb4 Nb3 34. Nd5 Rc5 35. Ra8+ Kh7 36. Nb6 c3 37. bxc3 Nxc1 38. Rxc1 dxc3 39. e3 Rb5 40. Na4 Nc7 41. Rc8 Nd5 42. Rc5 Rxc5 43. Nxc5 Nb4 44. Na4 Na2 45. Rc2 Nb4 46. Rxc3 Bxc3 47. Nxc3 Kg7 48. Kf3 Nd3 49. Ke2 Nc5 50. Nd5 f6 51. h4 Kf7 52. f3 Nd7 53. f4 Ke6 54. Nc7+ Kd6 55. Nb5+ Kd5 56. Kf3 Nc5 57. Nc3+ Ke6 58. e4 g5 59. fxg5 fxg5 60. h5 Ke5 61. Ke3 Nb7 62. Ne2 Nd6 63. Ng3 Nc4+ 64. Kd3 Nb2+ 65. Kc2 Nc4 66. Nf5 Kxe4 67. Nxh6 Kf4 68. Kd3 Ne5+ 69. Kd4 Nd7 70. Kd5 Nf6+ 71. Kd6 Ne4+ 72. Ke6 Nc5+ 73. Kf6 Nd7+ 74. Kg6 Nf8+ 75. Kf7 Nd7 76. Ke7 Ne5 77. Ke6 Ke4 78. Ke7 Kf4 79. Kf6 Nd7+ 80. Kg7 Ne5 81. Kf6 Nd7+ 82. Ke6 Ne5 83. Kd5 Nd7 84. Nf7 Nf6+ 85. Ke6 Nxg4 86. Nxg5 1/2-1/2

[Event "CZE-chT2C 0910"]
[Site "Czech Republic"]
[Date "2010.02.14"]
[Round "7.5"]
[White "Moravec, Vit"]
[Black "Hacha, Ales"]
[Result "1-0"]
[WhiteElo "2053"]
[BlackElo "2188"]
[PlyCount "81"]
[EventDate "2009.10.18"]
[EventType "team-tourn"]
[EventRounds "11"]
[EventCountry "CZE"]
[SourceTitle "EXT 2011"]
[Source "ChessBase"]
[SourceDate "2010.11.26"]
[SourceVersion "1"]
[SourceVersionDate "2010.11.26"]
[SourceQuality "1"]
[WhiteTeam "Kutna Hora"]
[BlackTeam "Turnov Zikuda II"]
[WhiteTeamCountry "CZE"]
[BlackTeamCountry "CZE"]

1. e4 Nf6 2. Nc3 d5 3. e5 d4 4. exf6 dxc3 5. fxg7 cxd2+ 6. Qxd2 Qxd2+ 7. Bxd2 Bxg7 8. 0-0-0 Bf5 9. Bf4 0-0 10. Bd3 Bxd3 11. Rxd3 e5 12. Bg3 Nc6 13. Ne2 Rfd8 14. Rhd1 Rxd3 15. Rxd3 Rd8 16. Rxd8+ Nxd8 17. f4 f6 18. fxe5 fxe5 19. Nc3 Ne6 20. Ne4 Kf7 21. Kd2 b6 22. Kd3 Nd4 23. c3 Nf5 24. b3 Ke6 25. Bf2 Bh6 26. g4 Nd6 27. Be3 Nxe4 28. Kxe4 Bf8 29. c4 a6 30. Bf2 Bg7 31. h4 Bh8 32. Be3 Bg7 33. Bc1 b5 34. cxb5 axb5 35. Ba3 c6 36. g5 h5 37. Bb4 Bh8 38. a4 bxa4 39. bxa4 Bg7 40. a5 Kd7 41. Bc5 1-0

[Event "CZE-chT2C 0910"]
[Site "Czech Republic"]
[Date "2010.01.31"]
[Round "6.6"]
[White "Cakl, Zdenek"]
[Black "Hacha, Ales"]
[Result "1/2-1/2"]
[WhiteElo "2136"]
[BlackElo "2188"]
[PlyCount "36"]
[EventDate "2009.10.18"]
[EventType "team-tourn"]
[EventRounds "11"]
[EventCountry "CZE"]
[SourceTitle "EXT 2011"]
[Source "ChessBase"]
[SourceDate "2010.11.26"]
[SourceVersion "1"]
[SourceVersionDate "2010.11.26"]
[SourceQuality "1"]
[WhiteTeam "Liberec"]
[BlackTeam "Turnov Zikuda II"]
[WhiteTeamCountry "CZE"]
[BlackTeamCountry "CZE"]

1. Nf3 Nf6 2. b3 g6 3. Bb2 Bg7 4. e3 0-0 5. Be2 d6 6. d4 c6 7. 0-0 Qc7 8. c4 Bg4 9. Nc3 Nbd7 10. Rc1 Rad8 11. Nd2 Bxe2 12. Qxe2 e5 13. dxe5 dxe5 14. Nde4 Nxe4 15. Nxe4 Nf6 16. Nxf6+ Bxf6 17. Rcd1 Rxd1 18. Rxd1 Rd8 1/2-1/2